000 00298nam a22001097a 4500
008 230620b xxu||||| |||| 00| 0 eng d
082 _a327.47
_bLAQ 1983
245 _aThe Pattern of Soviet Conduct in the Third World
260 _aUSA
_bPraeger Publishers
_c1983
300 _aVI,250p
942 _2ddc
_cBK
999 _c1896
_d1896